000 00601nam a22002177a 4500
999 _c2633
_d2633
003 OSt
005 20230802121025.0
008 230802b ||||| |||| 00| 0 eng d
020 _a9789672868286
040 _cKH8
082 _a400 SYA
100 _aSyahril Othman,
_eauthor.
245 _aIGCSE Malay Basic Writing, Volume 1 /
_cSyahril Othman.
250 _aFirst edition
260 _aMalaysia:
_bSyahril Education Enterprise.
300 _a100 pages.
440 _aIGCSE Malay Basic Writing
_v1
651 _aMalaysia
_vMalay language
651 _aMalaysia
_vMalay grammar
942 _2ddc
_cTR